| 000 | 01014 a2200205 4500 | ||
|---|---|---|---|
| 003 | Nust | ||
| 005 | 20221208102252.0 | ||
| 010 | _a 69012897 | ||
| 020 | _a0471696501 | ||
| 040 | _cNust | ||
| 082 | 0 | 0 | _a621.382,PRA |
| 100 | 1 |
_aPratt, William K. _958457 |
|
| 245 | 1 | 0 |
_aLaser communication systems / _cWilliam K. Pratt. |
| 260 |
_aNew York, _bWiley _c[1969] |
||
| 300 |
_axi, 271 p. _billus. _c23 cm. |
||
| 490 | 0 | _aWiley series in pure and applied optics | |
| 505 | _aIntroduction (Page-1), Modulation and Demodulation (Page-18), Optical Components (Page-45), Modulators (Page-65), Detectors (Page-87), Background Radiation (Page-111), Atmospheric Propagation (Page-128), Detection Noise (Page-145), Detection Processes (Page-159), Communication Receivers (Page-174), Baseband Pulse and Digital Laser Communication Systems (Page-196), Subcarrier and Heterodyne Digital Laser Communication Systems (Page-218), Optimum System Design (Page-233). | ||
| 650 | 0 | _aTelecommunication Engineering | |
| 942 |
_2ddc _cBK |
||
| 999 |
_c182564 _d182564 |
||